00187nam a22000857a 4500040000800000082001500008100001500023245005400038300000900092 cdlc a306.095491 aM.A.Qadeer aPakistan : A Social and Cultural Transformation  a321p